000 02491naa a2200337Ia 4500
003 OSt
005 20260413153446.0
008 260413s2014 xx 000 0 und d
040 _aFoundation University
_beng
_cFoundation University
_erda
050 _aCoA (AnSci-TH) LG 221 D35 A37
_bA5 A38 2008 S26
099 _a1049
100 _aSanico, Angel Mier V.
_92011
_eauthor.
245 1 0 _aInternship at Foundation University Amlan demonstration farm, Foundation University Azagra farm in Tajay City and Provincial Veterinary Office in Dumaguete City /
_cby Angel Mier V. Sanico
264 _aDumaguete City
_bFoundation Uiniversity,
_c2008.
_42008.
300 _aiv, 41 leaves :
_bill. (col.) ;
_c28 cm
_3volume
_fresource
336 _2rdacontent
_atext
_btxt
337 _2rdamedia
_aunmediated
_bn
338 _3rdacarrier
_avolume
_bnc
500 _aInternship conducted at Foundation University Amlan Demonstration Farm, Foundation University Azagra Farm, and Provincial Veterinary Office.
502 _aUndergraduate thesis (BS in Agriculture major in Animal Science) -- Foundation University, 2014.
504 _aIncludes bibliographical references and appendices.
520 _aThis internship report presents the practical training and experiences gained by the student at the Amlan Demonstration Farm and Azagra Farm of Foundation University, as well as at the Provincial Veterinary Office in Dumaguete City. The training covered various aspects of agriculture and animal husbandry, including livestock management, feeding practices, disease prevention, and farm operations. Exposure to veterinary services enhanced the student’s knowledge in animal health care, diagnosis, and treatment procedures. The internship aimed to develop technical skills, work ethics, and professional competence necessary for future careers in Agriculture and Veterinary Medicine. Overall, the experience provided valuable hands-on learning that bridged theoretical knowledge with real-world application.
650 _aAnimal Husbandry.
_915456
650 _aVeterinary Medicine.
_914407
650 _aAgriculture
_xTraining of.
_915457
650 _a Livestock Production.
_915458
650 _aInternship programs
_xPhilippines.
650 _aAgriculture
_xAnimal culture.
658 _aInternship Report :
_bAgriculture major in Animal Science, Bachelor of Science in ;
_cASC 48 A.
942 _2lcc
_cTH
_hLG 221 D35 A37
_iA5 A38 2008 S26
_kCoA (AnSci-TH)
999 _c5740
_d5740